Isis & Bast - Kent - Statistics

General Stats
  • This quiz has been taken 7 times
  • The average score is 132 of 241
Answer Stats
Answer % Correct
att
100%
Bast
100%
de
100%
De
100%
du
100%
Du
100%
en
100%
i
100%
Isis
100%
ja
100%
Jag
100%
jag
100%
och
100%
sa
100%
100%
sa:
100%
är
75%
av
75%
ett
75%
Ett
75%
Han
75%
hur
75%
Hur
75%
kan
75%
man
75%
Man
75%
men
75%
mig
75%
min
75%
mot
75%
mötte
75%
stå
75%
vad
75%
aldrig
50%
alla
50%
alltid
50%
älskling
50%
bli
50%
dem
50%
deras
50%
det
50%
din
50%
eller
50%
för
50%
förstå
50%
frisk
50%
Har
50%
har
50%
Här
50%
inte
50%
när
50%
nej
50%
om
50%
sanningen
50%
Se
50%
sjuk
50%
som
50%
Som
50%
stal
50%
stod
50%
stolthet
50%
svårt
50%
systrar
50%
två
50%
under
50%
upp
50%
var
50%
vara
50%
vill
50%
vindarnas
50%
Aj
25%
aj
25%
älskar
25%
ändhållplats
25%
ännu
25%
barn
25%
blåste
25%
blev
25%
dal
25%
där
25%
får
25%
flaggan
25%
förrådde
25%
25%
grät
25%
hans
25%
hårt
25%
kapten
25%
kast
25%
klass
25%
konungarnas
25%
långt
25%
liv
25%
måste
25%
med
25%
menar
25%
Mitt
25%
mitt
25%
något
25%
namn
25%
ögonvrå
25%
pass
25%
pyramiderna
25%
rev
25%
Säg
25%
Sätt
25%
sätt
25%
sina
25%
själv
25%
sjöslag
25%
skräp
25%
slut
25%
sparkade
25%
spelet
25%
sus
25%
topp
25%
väljer
25%
vallokal
25%
vet
25%
vid
25%
begravd
0%
ber
0%
blåljög
0%
blundar
0%
ertappad
0%
fingret
0%
galen
0%
går
0%
gav
0%
hämnden
0%
hemstad
0%
kallar
0%
lämnade
0%
lida
0%
ljuv
0%
Nelson
0%
socialismen
0%
sörjer
0%
tjuv
0%
No matching quizzes found
Score Distribution
Percent of People with Each Score
Percentile by Number Answered
Your Score History
You have not taken this quiz